Φύλο και κοινωνικός αποκλεισμός : διερευνώντας τα χαρακτηριστικά και τις ανάγκες των άστεγων γυναικών της πρωτεύουσας : διπλωματική εργασία [μεταπτυχιακή εργασία]

Αποθηκεύτηκε σε:
Λεπτομέρειες βιβλιογραφικής εγγραφής
Κύριος συγγραφέας: Τσακιράκη, Ευαγγελία
Συγγραφή απο Οργανισμό/Αρχή: Πανεπιστήμιο Αιγαίου Σχολή Ανθρωπιστικών Επιστημών Τμήμα Επιστημών της Προσχολικής Αγωγής και του Εκπαιδευτικού Σχεδιασμού Πρόγραμμα Μεταπτυχιακών Σπουδών Φύλο και Νέα Εκπαιδευτικά και Εργασιακά Περιβάλλοντα στην Κοινωνία της Πληροφορίας
Άλλοι συγγραφείς: Θεμελή, Όλγα (Εισηγητής διατριβής)
Μορφή: Thesis Βιβλίο
Γλώσσα:Greek
Δημοσίευση: 2010
Θέματα:
Διαθέσιμο Online:http://hdl.handle.net/11610/13885
Ετικέτες: Προσθήκη ετικέτας
Δεν υπάρχουν, Καταχωρήστε ετικέτα πρώτοι!

MARC

LEADER 00000cam a2200000 i 4500
001 1/14466
008 110729s2010 gre d
035 |l 10110588 
040 |a GR-MY-UA  |b gre  |e aacr 
041 0 |a gre 
082 0 |a 362.5  |2 (22) 
100 1 |a Τσακιράκη, Ευαγγελία. 
245 1 0 |a Φύλο και κοινωνικός αποκλεισμός :  |b διερευνώντας τα χαρακτηριστικά και τις ανάγκες των άστεγων γυναικών της πρωτεύουσας : διπλωματική εργασία [μεταπτυχιακή εργασία] /  |c Ευαγγελία Τσακιράκη ; επιβλέπουσα: Όλγα Θεμελή 
260 |c 2010 
300 |a 114 σ.;  |c 30 εκ. 
500 |a Μέλη εξεταστικής επιτροπής: Διονύσης Γουβιάς, Μαρία Γκασούκα 
502 |a Διατριβή (μεταπτυχιακή) – Πανεπιστήμιο Αιγαίου, Ρόδος, 2010. 
504 |a Βιβλιοηραφία: σ. 99-113 
650 0 0 |a Homeless persons. 
650 0 |a Homeless women  |z Greece  |z Athens. 
650 0 |a Marginality, Social  |z Greece  |z Athens. 
650 0 |a Social isolation  |z Greece  |z Athens. 
650 0 0 |a Sex differences. 
650 0 0 |a Dissertations, Academic  |z Greece. 
700 1 |4 ths  |a Θεμελή, Όλγα. 
710 1 |a Πανεπιστήμιο Αιγαίου   |b Σχολή Ανθρωπιστικών Επιστημών   |b Τμήμα Επιστημών της Προσχολικής Αγωγής και του Εκπαιδευτικού Σχεδιασμού   |b Πρόγραμμα Μεταπτυχιακών Σπουδών Φύλο και Νέα Εκπαιδευτικά και Εργασιακά Περιβάλλοντα στην Κοινωνία της Πληροφορίας. 
852 |a INST  |b RHODES  |c DIATR  |e 20110729  |h 362.5 ΤΣΑ  |p 005400033366  |q 005400033366  |t MTXE  |y 23 
852 |a INST  |b RHODES  |c DIATR  |e 20110729  |h 362.5 ΤΣΑ  |p 005400033585  |q 005400033585  |t MTXE  |y 23 
856 |u http://hdl.handle.net/11610/13885 
901 |a BIBL4-2011-2 
909 |a Ρ  |b 163866 
909 |a Ρ  |b 163867 
924 |a ΤΣΑΚΙΡΑΚΗ  |b ΕΥΑΓΓΕΛΙΑ  |y ΡΟΔΟΣ  |z 2011-07 
970 |z 2010/05/